Krátke rozhovory
| Main Author: | |
|---|---|
| Other Authors: | |
| Format: | Book |
| Language: | Slovak English |
| PhysicalDescription: | 79 strán 20 cm |
| Published: |
Bratislava
Občianske združenie Vlna Drewo a srd
2018
|
| ISBN: | 9788089550401 |
| Edition: | Vydanie prvé |
| Series: | Knižná edícia časopisu Vlna
Poézia Farebná kolekcia |
| Subjects: |
MARC
| LEADER | 00000cam a2200000 4500 | ||
|---|---|---|---|
| 001 | vtls011763878 | ||
| 003 | SK-MaSNL | ||
| 005 | 20260301183856.0 | ||
| 008 | 200104s2018 xo gr 000 1 slo | ||
| 015 | |a SNBA2018/09 | ||
| 020 | |a 9788089550401 |q (brožované) | ||
| 035 | |a urn:nbn:sk:snk-am00d4hu | ||
| 035 | |a urn:nbn:sk:snk-am3hlew | ||
| 035 | |a BFE7C3E3-0B0A-4418-9D59-CC9CFB40950E | ||
| 040 | |a SNK |b slo |c SNK |e rda | ||
| 041 | 1 | |a slo |h eng | |
| 044 | |a xo |c SK | ||
| 072 | 7 | |a 821 |x Literatúry v rôznych jazykoch |2 konspekt | |
| 080 | |a 821.111(71)-32 |2 2011 | ||
| 080 | |a 821.111(71) |2 2011 | ||
| 100 | 1 | |a Carson, Anne, |d 1950- |4 aut |9 193755 | |
| 240 | 1 | 0 | |a Short Talks |l Slovensky |
| 245 | 1 | 0 | |a Krátke rozhovory |c Anne Carson ; z anglického originálu Short Talks preložila Lucia Duero |
| 250 | |a Vydanie prvé | ||
| 264 | 1 | |a Bratislava |b Občianske združenie Vlna |b Drewo a srd |c 2018 | |
| 300 | |a 79 strán |c 20 cm | ||
| 336 | |a text |b txt |2 rdacontent | ||
| 337 | |a bez média |b n |2 rdamedia | ||
| 338 | |a zväzok |b nc |2 rdacarrier | ||
| 490 | 1 | |a Poézia | |
| 490 | 1 | |a Knižná edícia časopisu Vlna | |
| 490 | 1 | |a Farebná kolekcia |v XXV. zväzok | |
| 650 | 0 | 7 | |a kanadská literatúra |2 SNKPH |9 1407 |
| 650 | 0 | 7 | |a Canadian literature |2 SNKPHeng |9 559692 |
| 655 | 7 | |a kanadské príbehy (anglicky) |2 SNKPH |9 82142 | |
| 655 | 7 | |a Canadian stories (english) |2 SNKPHeng |9 339147 | |
| 700 | 1 | |a Duero, Lucía, |d 1988- |4 trl |9 171149 | |
| 830 | 0 | |a Knižná edícia časopisu Vlna |9 311548 | |
| 830 | 0 | |a Poézia |9 278340 | |
| 830 | 0 | |a Farebná kolekcia |9 311557 | |
| 852 | |a Štátna vedecká knižnica v Banskej Bystrici | ||
| 919 | |a 978-80-89550-40-1 | ||
| 958 | |a UP | ||
| 968 | |b ENG | ||
| 999 | |c 858639 |d 860569 | ||
| 952 | |a SNK |b SNK |y PREZ |7 0 |p 17A1333408 |o snkSD 87458 |i snk2018/14415 |8 0 |0 0 |1 0 |4 0 |d 2018-07-03 |f 1 |l 0 |r 2026-02-24 05:04:09 |w 2026-02-24 | ||
| 952 | |a SNK |b SNK |y VYP |7 0 |p 17A1333409 |o snkSD 87458 D1 |i snk2018/14416 |8 0 |0 0 |1 0 |4 0 |d 2018-07-03 |l 0 |r 2026-02-24 05:04:09 |w 2026-02-24 | ||


